| 000 | 01888cam a22005294i 4500 | ||
|---|---|---|---|
| 003 | PE-LiUPU | ||
| 005 | 20250731173353.0 | ||
| 008 | 150706s2010 inu rb 001 0 eng d | ||
| 020 | _a9781575061290 | ||
| 035 | _a(Sirsi) i9781575061290 | ||
| 040 |
_aPE-LiUPU _bspa _cPE-LiUPU _erda |
||
| 049 | _aPRUA | ||
| 082 | 0 | 4 |
_a220.4415 _bLSAWS _221 |
| 100 | 1 |
_aBlau, Joshua, _eautor. |
|
| 130 | 0 | _aTorat ha-hegeh v?eha-tsurot. English. | |
| 245 | 1 | 0 |
_aPhonology and morphology of biblical Hebrew : _ban introduction / _cJoshua Blau. |
| 264 | 1 |
_aWinona Lake, Ind : _bEisenbrauns, _c2010. |
|
| 300 |
_a369 páginas ; _c24 centímetros. |
||
| 336 |
_atext _2rdacontent |
||
| 337 |
_aunmediated _2rdamedia |
||
| 338 |
_avolume _2rdacarrier |
||
| 490 | 0 |
_aLinguistic studies in Ancient West Semitic ; _v2 |
|
| 504 | _aÍndice : páginas 337-369. | ||
| 504 | _aBibliografía : páginas 313-368. | ||
| 505 | 0 | _aIntroduction -- Phonetics -- Phonology -- Morphology -- Remarks on Prepositions -- Remarks on connective and conversive waw. | |
| 526 | _aSEG42 | ||
| 526 | _aSEG41 | ||
| 526 | _aSEG40 | ||
| 526 | _aSEG39 | ||
| 526 | _aP94 | ||
| 526 | _aP87 | ||
| 526 | _aP86 | ||
| 526 | _aP85 | ||
| 526 | _aP77 | ||
| 526 | _aP76 | ||
| 526 | _aP35 | ||
| 650 | 0 | 4 |
_aHebreo bíblico _xFonética. |
| 650 | 0 | 4 |
_aHebreo bíblico _xFonología. |
| 650 | 0 | 4 |
_aHebreo bíblico _xMorfología. |
| 910 | _a20100720 | ||
| 942 |
_2ddc _cBOOK |
||
| 949 |
_a220.4415 LSAWS 2 _wDEWEY _c1 _i61950 _lCCODEBUL1 _mBUL _p25.00 _r0 _sY _tBOOK _u2015-7-6 _xTEOLOGIA _PP35 _0COMPRA _o.STAFF. Colección General |
||
| 994 |
_aC0 _bPEPRU |
||
| 596 | _a1 | ||
| 999 |
_a220.4415 LSAWS 2 _wDEWEY _c51063 _i61950 _f2021-11-9 _g4 _lCCODEBUL1 _mBUL _p25.00 _r0 _sY _tBOOK _u2015-7-6 _xTEOLOGIA _PP35 _0COMPRA _o.STAFF. Colección General _d51063 |
||
| 980 |
_81 _gALBERTO SANCHEZ Responsable de Automatización |
||